Trainspotting Trivia - Statistics

General Stats
  • This quiz has been taken 96 times
  • The average score is 7 of 15
Answer Stats
Question Answer % Correct
What is Renton's first name? Mark
94%
What music icon is mentioned heavily throughout? Iggy Pop
84%
Director? Danny Boyle
68%
Who wrote the original books? Irvine Welsh
62%
Title of the sequel? T2
62%
What song plays as Renton walks away? Born Slippy
57%
What appears on the toilet door in the bookkeepers? The worst toilet in Scotland
49%
What image is recreated by the 4 men in London? Abbey Road
48%
Who is Sick Boy obsessed with? Sean Connery
42%
What two names does the angry and violent character go by? Begbie and Franco
36%
What did Tommy buy for Lizzy? Kitten
36%
Actress who plays Diane? Kelly McDonald
29%
What is the name of the mother and the baby? Alison and Dawn
22%
What road are Renton and Spud seen running down in the opening scene? Prince's Street
19%
What is the name of the drug dealer they all visit? Swaney
12%
No matching quizzes found
Score Distribution
Percent of People with Each Score
Percentile by Number Answered
Your Score History
You have not taken this quiz